000 00595nam a22002177a 4500
003 UA-OsUOA
001 74228
007 ta
008 20110331b un ||||| |||| 00| 0 ukr d
100 _aНовоженова Т.А.
090 _a02
_bН74
942 _cSA
040 _aUA-OsUOA
_brus
_cUA-OsUOA
_dUA-OsUOA
245 _aСовременная теория библиографи и выход из лабиринта концепций
300 _aС.42-51
955 _a0
041 _arus
080 _a02
773 0 _w74223
650 7 _a02 Бібліотечна справа
_2UDC
999 _c360521
_d360521